000
00304nam a2200145Ia 4500
100
_a
Golden/Bernard
942
_c
BK
366
_f
25
245
_a
Virtualization for dummies
260
_b
Wiley India
_c
2008
082
_a
5.133
_b
GOL
300
_a
362
546
_a
ENGLISH
_c
electronics
999
_c
19615
_d
19615